Statistics for Taylor Swift "Reputation Quiz"

Click here to take the quiz!

General Stats

  • This quiz has been taken 313 times
  • The average score is 9 of 15

Answer Stats

HintAnswer% Correct
Don't Blame MeLove made Me Crazy
91%
This is why we can't haveNice things
86%
I swaer I don't love the dramaIt loves me
79%
Say my name and everythingjust stop
75%
For every lie I tell themthey tell me 3
75%
Is it chill that yourin my head
71%
King of my heartbody and soul
66%
I want to wear his initial on achain round my neck
66%
I'll be cleaning up bottles with youon new years day
64%
The role you made my playof the fool
54%
And All The Pieces FallRight Into place
53%
Touch me andyou'll never be alone
38%
I'm in a getaway carI left you in the motel bar
35%
I had a bad feelingbut we were dancing
32%
cause your so gorgeousit actually hurts
21%

Score Distribution

Percentile by Number Answered

Percent of People with Each Score

Your Score History

You have not taken this quiz